000 01751nam a2200241Ia 4500
008 260220t1992||||xx |||||||||||||| ||spa||
040 _aPY-SlUNAC
_bspa
_erda
041 _aspa
082 _a519.536
_bG944a
100 _aGuillén, Mauro F.
_eAutor
245 0 _aAnálisis de regresión múltiple /
_cpor Mauro F. Guillén [Autor]
264 _aMadrid :
_bCIS,
_c℗1992.
300 _a1 volumen
520 _aEl libro "Análisis de regresión múltiple" de Mauro F. Guillén ofrece un enfoque exhaustivo sobre la metodología de regresión múltiple, una herramienta estadística fundamental en el análisis de datos y la investigación social. A lo largo de sus capítulos, el autor desglosa los conceptos teóricos y prácticos que subyacen a esta técnica, abordando desde la formulación de modelos hasta la interpretación de resultados. Guillén detalla los supuestos que deben cumplirse para la correcta aplicación de la regresión múltiple y presenta diversas técnicas para evaluar la calidad del ajuste de los modelos. Además, el texto incluye ejemplos prácticos y estudios de caso que ilustran la aplicación de la regresión en contextos reales, facilitando así la comprensión de su utilidad en la investigación. La obra se destaca por su rigor académico y su capacidad para hacer accesibles estos conceptos complejos, convirtiéndose en una referencia clave para estudiantes y profesionales interesados en el análisis cuantitativo en ciencias sociales.
653 _aAnálisis de datos
653 _aEstadística
653 _aInvestigación social
942 _b2026/02/17
_cBK
999 _c7677
_d7677